000
00261nam a2200097Ia 4500
001
725712
005
20250826163415.0
008
250824s9999 xx 000 0 und d
245
0
_a
BİR GÖÇMEN KIZI HİKAYESİ ABŞAR
_c
HASAN SARI
260
_b
ATLIKARINCA YAYINLARI
999
_c
725712
_d
725712